000 00491nam a2200193Ia 4500
008 131103s9999 xx 000 0 und d
020 _a330302035
040 _aLoreto College
041 _aEnglish
082 _aF/SCO
_bLCBED/11864
100 _aScott, Paul
245 4 _aThe jewel in the crown
_cPaul Scott
260 _aLondon
_bPan books
_c1988
300 _a576p.
_c 18 cm.
650 _aEnglish - fiction
651 _aEnglish literature
850 _aLCBED/F/SCO
942 _cBK
999 _c32987
_d83466